000 00344nam a22001457a 4500
008 230502b ||||| |||| 00| 0 eng d
020 _a2900321885325
041 _aeng
080 _2EIGHTH EDITION
_a573
082 _a573REE
100 _a16
101 _aBIOLOGJI
245 _aBIOLOGY CONCEPTS CONNECTIONS
_cREECE.TAYLOR
942 _2udc
_cBK
999 _c59647
_d59647